LEADER 02122nam 2200601 a 450 001 9910459058603321 005 20200520144314.0 010 $a1-282-81188-6 010 $a9786612811883 010 $a1-4416-6262-6 010 $a93-5043-246-3 010 $a600-00-2826-1 035 $a(CKB)2670000000035795 035 $a(EBL)588065 035 $a(OCoLC)700691264 035 $a(SSID)ssj0000673010 035 $a(PQKBManifestationID)11469739 035 $a(PQKBTitleCode)TC0000673010 035 $a(PQKBWorkID)10642918 035 $a(PQKB)11244133 035 $a(MiAaPQ)EBC3011479 035 $a(Au-PeEL)EBL3011479 035 $a(CaPaEBR)ebr10416261 035 $a(OCoLC)923634533 035 $a(EXLCZ)992670000000035795 100 $a20101004d2010 uy 0 101 0 $aeng 135 $aur|n|---||||| 181 $ctxt 182 $cc 183 $acr 200 10$aCommercial cultivation of medicinal and aromatic plants$b[electronic resource] /$fDhananjay J. Deshpande 205 $aRev. ed. 210 $aMumbai [India] $cHimalaya Pub. House$d2010 215 $a1 online resource (533 p.) 300 $aDescription based upon print version of record. 311 $a93-5024-319-9 320 $aIncludes bibliographical references. 327 $apt. 1. Medicinal plants crop -- pt. 2. Aromatic plants crop -- pt. 3. Important medicinal plant families -- pt. 4. Crop economics -- pt. 5. Project profiles -- pt. 6. List of buyers -- pt. 7. List of medicinal plants banned for exports -- pt. 8. Schemes of national medicinal plant boards -- pt. 9. Addresses of state medicinal plant boards -- pt. 10. Bibliography. 606 $aMedicinal plants 606 $aAromatic plants 608 $aElectronic books. 615 0$aMedicinal plants. 615 0$aAromatic plants. 676 $a633.88 700 $aDes?apa?n?d?e$b Dhanan?jaya Ja$0974443 801 0$bMiAaPQ 801 1$bMiAaPQ 801 2$bMiAaPQ 906 $aBOOK 912 $a9910459058603321 996 $aCommercial cultivation of medicinal and aromatic plants$92218559 997 $aUNINA LEADER 01532nam 2200433zu 450 001 9910702840703321 005 20210807004406.0 035 $a(CKB)3390000000045534 035 $a(SSID)ssj0000630961 035 $a(PQKBManifestationID)12252517 035 $a(PQKBTitleCode)TC0000630961 035 $a(PQKBWorkID)10590454 035 $a(PQKB)10019752 035 $a(OCoLC)469059508 035 $a(EXLCZ)993390000000045534 100 $a20160829d2011 uy 101 0 $aeng 135 $aurbn||||||||| 181 $ctxt 182 $cc 183 $acr 200 10$aScouting, Signaling, and Gatekeeping: Chinese naval operations in Japanese waters and the international law Implications 210 31$a[Place of publication not identified]$cGeneral Books LLC$d2011 215 $a1 online resource (32 pages)$cmaps 225 1 $aChina mariitme studies ;$vno. 2 300 $aBibliographic Level Mode of Issuance: Monograph 320 $aIncludes bibliographical references (pages 27-32). 517 $aScouting, Signaling, and Gatekeeping 606 $aLaw of the sea$zChina 606 $aNavies$zChina 615 0$aLaw of the sea 615 0$aNavies 700 $aU.S. Government$01351547 712 02$aNaval War College (U.S.).$bChina Maritime Studies Institute. 801 0$bPQKB 906 $aBOOK 912 $a9910702840703321 996 $aScouting, Signaling, and Gatekeeping: Chinese naval operations in Japanese waters and the international law Implications$93120572 997 $aUNINA LEADER 02262nam 2200361 450 001 9910131587603321 005 20240208065810.0 010 $a1-55442-685-5 024 7 $a10.1522/cla.grj.guh.mod 035 $a(CKB)3680000000168308 035 $a(NjHacI)993680000000168308 035 $a(EXLCZ)993680000000168308 100 $a20240208d2004 uy 0 101 0 $afre 135 $aur||||||||||| 181 $ctxt$2rdacontent 182 $cc$2rdamedia 183 $acr$2rdacarrier 200 13$aLa modernisation du Que?bec et la le?gitimite? de l'e?tat canadien /$fHubert Guindon 210 1$aChicoutimi :$cJ.-M. Tremblay,$d2004. 215 $a1 online resource 225 1 $aClassiques des sciences sociales 327 $aIntroduction -- I. La re?volution tranquille et la modernisation de la socie?te? que?be?coise -- a L'e?mergence d'un nouvel ordre social -- b La formation d'une e?lite et l'e?clipse de la communaute? -- c La subordination politique des e?lites institutionnelles -- d L'asyme?trie de la nouvelle classe moyenne au Que?bec et sa double conse?quence -- II. La modernisation du Que?bec et l'E?tat fe?de?ral -- A La Politique des langues officielles -- a Un grand pas dans le mauvais sens -- b De la noblesse des illusions au de?sastre politique -- 1. La politique linguistique et l'avancement des Canadiens franc?ais au fe?de?ral -- 2. La viabilite? des communaute?s francophones a? l'exte?rieur du Que?bec -- B Le bilinguisme institutionnel, l'ide?alisme administratif et la sociologie du langage -- Le bilinguisme et la sociologie du langage -- C L'insignifiance politique de la politique fe?de?rale de bilinguisme dans le Que?bec contemporain -- D Les immigrants et les milieux d'affaires au Que?bec -- a Les milieux d'affaires -- b Le cas des immigrants -- La rationalite? des immigrants -- c L'ancien et le nouveau. 410 0$aClassiques des sciences sociales. 607 $aQue?bec (Province)$xSocial conditions 676 $a306.09714 700 $aGuindon$b Hubert$0911016 801 0$bNjHacI 801 1$bNjHacl 906 $aBOOK 912 $a9910131587603321 996 $aLa modernisation du Québec et la légitimité de l'état canadien$92143014 997 $aUNINA LEADER 04541nam 22007335 450 001 9910510579803321 005 20260205132848.0 010 $a3-030-82965-0 024 7 $a10.1007/978-3-030-82965-0 035 $a(MiAaPQ)EBC6816979 035 $a(Au-PeEL)EBL6816979 035 $a(CKB)19934882000041 035 $a(OCoLC)1287138801 035 $a(DE-He213)978-3-030-82965-0 035 $a(EXLCZ)9919934882000041 100 $a20211127d2021 u| 0 101 0 $aeng 135 $aurcnu|||||||| 181 $ctxt$2rdacontent 182 $cc$2rdamedia 183 $acr$2rdacarrier 200 10$aAffect Dynamics /$fedited by Christian E. Waugh, Peter Kuppens 205 $a1st ed. 2021. 210 1$aCham :$cSpringer International Publishing :$cImprint: Springer,$d2021. 215 $a1 online resource (343 pages) 225 1 $aBehavioral Science and Psychology Series 311 08$aPrint version: Waugh, Christian E. Affect Dynamics Cham : Springer International Publishing AG,c2021 9783030829643 320 $aIncludes bibliographical references and index. 327 $aA. Overview -- 1. Emotions happen over time, not because of time -- 2. Historical perspective on affective dynamics -- 3. Integrating affective dynamics across time scales -- B. Within-episode Affective Dynamics -- 4. The speed of appraisals -- 5. Emotion duration -- 6. Anticipation and recovery -- 7. The neuroscience of affective dynamics -- 8. The temporal dynamics of emotion regulation -- C. Between-episode Affective Dynamics -- 9. How emotions becomemoods -- 10. Counterfactual emotions as dynamic processes -- 11. Interpersonal affective dynamics -- 12. Affective dynamics in social networks -- 13. Affective dynamics in cross-cultural interactions -- D. Across-daily life affective dynamics -- 14. Sticky moods: Inertia -- 15. Mood instability and depression -- 16. Modeling affective dynamics across daily life. 330 $aThis book features cutting edge research on the theory and measurement of affect dynamics from the leading experts in this emerging field. Authors will discuss how affect dynamics are instantiated across neural, psychological and behavioral levels of processing and provide state of the art analytical and computational techniques for assessing temporal changes in affective experiences. In the section on Within-episode Affect Dynamics, the authors discuss how single emotional episodes may unfold including the duration of affective responses, the dynamics of regulating those affective responses and how these are instantiated in the brain. In the section on Between-episode Affect Dynamics, the authors discuss how emotions and moods at one point in time may influence subsequent emotions and moods, and the importance of the time-scales on which we assess these dynamics. In the section on Between-person Dynamics the authors propose that interactions and relationships with others form much of the basis of our affect dynamics. Lastly, in the section on Computational Models of Affect, authors provide state of the art analytical techniques for assessing and modeling temporal changes in affective experiences. Affect Dynamics will serve as a reference for both seasoned and beginning affective science researchers to explore affect changes across time, how these affect dynamics occur, and the causal antecedents of these dynamics. 410 0$aBehavioral Science and Psychology Series 606 $aEmotions 606 $aPersonality 606 $aDifference (Psychology) 606 $aEmotion 606 $aPersonality and Differential Psychology 606 $aAfecte (Psicologia)$2thub 606 $aAfectivitat$2thub 606 $aEmocions$2thub 606 $aActitud (Psicologia)$2thub 606 $aTemps de reacció (Psicologia)$2thub 606 $aAnàlisi de conducta$2thub 608 $aLlibres electrònics$2thub 615 0$aEmotions. 615 0$aPersonality. 615 0$aDifference (Psychology) 615 14$aEmotion. 615 24$aPersonality and Differential Psychology. 615 7$aAfecte (Psicologia) 615 7$aAfectivitat 615 7$aEmocions 615 7$aActitud (Psicologia) 615 7$aTemps de reacció (Psicologia) 615 7$aAnàlisi de conducta 676 $a152.4 702 $aKuppens$b Peter 702 $aWaugh$b Christian E. 801 0$bMiAaPQ 801 1$bMiAaPQ 801 2$bMiAaPQ 906 $aBOOK 912 $a9910510579803321 996 $aAffect Dynamics$92553761 997 $aUNINA